| 000 | 01520cam a2200421 a 4500 | ||
|---|---|---|---|
| 001 | 53191 | ||
| 005 | 20230410142348.0 | ||
| 008 | 051202s2005 sp b 001 0 spa c | ||
| 010 | _a 2006383248 | ||
| 035 | _a(OCoLC)ocm63698681 | ||
| 040 |
_aPL# _cPL# _dGZM _dDLC |
||
| 020 | _a8488910665 (pbk.) | ||
| 020 | _a9788488910660 (pbk.) | ||
| 029 | 0 |
_aPL# _b050100664 |
|
| 035 | _a(OCoLC)63698681 | ||
| 042 | _apcc | ||
| 043 | _ae-sp--- | ||
| 050 | 1 | 4 |
_aBX1585.2 _b.M379i 2005 |
| 082 | 0 | 0 |
_a327.456/34046 _222 |
| 049 | _aGRAL | ||
| 100 | 1 | _aMartín de Santa Olalla Saludes, Pablo. | |
| 245 | 1 | 3 |
_aLa iglesia que se enfrentó a Franco : _bPablo VI, la Conferencia Episcopal y el Concordato de 1953 / _cPablo Martín de Santa Olalla Saludes. |
| 246 | 3 | 0 | _aPablo VI, la Conferencia Episcopal y el Concordato de 1953 |
| 260 |
_aParacuellos de Jarama : _bEditorial Dilex, _c2005. |
||
| 300 |
_a495 p. ; _c24 cm. |
||
| 504 | _aIncludes bibliographical references (p. [483]-488) and index. | ||
| 610 | 2 | 0 |
_aCatholic Church _xForeign relations _zSpain. |
| 610 | 2 | 0 |
_aCatholic Church _xForeign relations _vTreaties. |
| 650 | 0 |
_aChurch and state _zSpain _xHistory _y20th century. |
|
| 650 | 0 |
_aConcordats _xHistory _y20th century. |
|
| 600 | 0 | 0 |
_aPaul _bVI, _cPope, _d1897-1978. |
| 600 | 1 | 0 |
_aFranco, Francisco, _d1892-1975. |
| 653 |
_aCristianismo y política _aIglesia católica _aEspaña. |
||
| 938 |
_aPuvill Libros _bPUVL _n8488910665 _c$53.68 |
||
| 942 |
_2lcc _cbk |
||
| 994 |
_aC0 _bDRFGD |
||
| 946 | _aLspaulino | ||
| 999 |
_c94296 _d94296 |
||